El joven Hegel y los problemas de la sociedad capitalista
Збережено в:
| Автор: | |
|---|---|
| Формат: | Книга |
| Мова: | Іспанська |
| Опубліковано: |
Ciudad de México
Grijalbo
1963
|
| Серія: | Ciencias Económicas y Sociales
|
| Предмети: | |
| Теги: |
Додати тег
Немає тегів, Будьте першим, хто поставить тег для цього запису!
|
MARC
| LEADER | 00000nam a2200000 a 4500 | ||
|---|---|---|---|
| 001 | UCM8185 | ||
| 003 | CL-VaPUC | ||
| 005 | 20240820103302.0 | ||
| 008 | 030124e19630000MX |||||||||||||||||spa|d | ||
| 999 | |c 302763 |d 302761 | ||
| 040 | |c Pontificia Universidad Católica de Valparaíso | ||
| 082 | 0 | 4 | |a 193 |b LUC |2 21 |
| 100 | |a Lukács, Georg |e autor |9 375284 | ||
| 245 | 1 | 3 | |a El joven Hegel y los problemas de la sociedad capitalista |
| 260 | |a Ciudad de México |b Grijalbo |c 1963 | ||
| 300 | |a 551 p | ||
| 490 | 0 | |a Ciencias Económicas y Sociales | |
| 583 | |a last modification |c 20030124 00:00:00 |k Rodrigo Vera | ||
| 600 | 0 | |a Hegel, Georg Wilhelm Friedrich |d 1770-1831 |9 860268 | |
| 650 | 0 | |a Filosofía alemana |9 265002 | |
| 650 | 7 | |a MARXISMO |2 CL-VaPUC |9 474140 | |
| 650 | 0 | |a Comunismo |9 255588 | |
| 650 | 0 | |a Teología |9 258766 | |
| 650 | 0 | |a Idealismo |9 265685 | |
| 650 | 0 | |a Fenomenología |9 256519 | |
| 942 | |c BK |2 ddc | ||
| 945 | |d 20030124 00:00:00 |a cmena | ||
| 952 | |0 0 |1 0 |4 0 |6 193_000000000000000_LUC_1963 |7 0 |8 A |9 363494 |a BIBHIS |b BIBHIS |d 2019-11-21 |i 3879712 |o 193 LUC 1963 |p 3879712 |r 2025-01-20 |w 2019-11-21 |y BK |k HIS | ||